Statistics for FIBA Basketball World Ranking - Men & Women

Click here to take the quiz!

General Stats

  • This quiz has been taken 234 times
    (208 since last reset)
  • The average score is 47 of 60

Answer Stats

RankPointsAnswer% Correct
11040.0United States
99%
11040.0United States
99%
13286.0United States
99%
2705.0Spain
98%
3550.0Spain
98%
21987.5Spain
98%
4456.0France
96%
31333.5France
96%
5360.0France
96%
14112.2Argentina
95%
3455.0Argentina
95%
6992.2Argentina
95%
9277.0Brazil
93%
7308.0Brazil
93%
7963.8Brazil
93%
5431.0Russia
93%
51131.8Russia
93%
6353.0Russia
93%
2590.0Australia
92%
41142.0Australia
92%
11219.0Australia
92%
8286.0China
92%
14138.9China
92%
12739.1China
92%
8933.0Serbia
88%
7344.0Serbia
88%
1784.0Serbia
88%
9865.2Canada
87%
10251.2Canada
87%
15467.5Greece
87%
10226.0Greece
87%
1889.0Germany
86%
18322.7Japan
86%
15112.0Japan
86%
11752.8Lithuania
86%
4447.0Lithuania
86%
10824.0Turkey
84%
11235.0Turkey
84%
8284.0Turkey
84%
19300.0Italy
82%
12182.0Croatia
80%
14584.8Croatia
80%
2073.0Croatia
80%
1984.2Mexico
79%
13168.0Slovenia
76%
16419.2South Korea
68%
12191.0South Korea
68%
1694.0Latvia
59%
1799.2Iran
56%
13131.0Cuba
52%
17328.8Puerto Rico
51%
15110.0Puerto Rico
51%
2077.2Dominican Republic
47%
1882.0Angola
45%
16103.0Angola
45%
13644.5Czech Republic
40%
6422.0Czech Republic
40%
20258.0Belarus
35%
9254.0Belarus
35%
1981.8Mali
8%

Score Distribution

Percentile by Number Answered

Percent of People with Each Score

Your Score History

You have not taken this quiz since the last reset